| 000 | 00340nam a2200121 a 4500 | ||
|---|---|---|---|
| 001 | 000002439 | ||
| 005 | 20200929150208.0 | ||
| 008 | 090702s2006 000 spa d | ||
| 020 | _a8489384649 | ||
| 245 | 0 | _aHistoria ilustrada de la escuela en España : dos siglos de perspectiva histórica. | |
| 260 |
_aMadrid, _c2006. |
||
| 999 |
_c2275 _d2275 |
||
| 040 | _aDO-SdBNP | ||